000 00622nam a2200205Ia 4500
005 20250508154949.0
008 008 250505s9999 xx 000 0 eng d
037 _aTextual
040 _aFEDL
_beng
_cFEDL
041 _aeng
_2eng
084 _a510.7, SPE
_qFEDL
100 _aSpencer Peter Lincoln
_9140272
245 0 _aBuilding mathematical competence in the elementary school
250 _aRev. Edition
260 _aNew York, USA
_bHolt, Rinehart and Winston
_c1966
300 _axii,403p
700 _a Brydegaard Marguerite
_9766467
942 _cTEXL
_h510.7, SPE
999 _c1353164
_d1353164